00937nam a22002057a 4500952011500000999001700115005001700132008004100149020001800190050002300208100003500231245006000266260003300326300003900359504003800398505016700436519009200603650002900695942000700724 00104070a22b22d2014-07-31ePromotora NAROl0oHD30.29 A248 2013p17 001661r2014-07-31t1w2014-07-31yLB c93333d9333320231102151706.0140731s2013 mx a|||| |||| 00| 0 spa d a978968181294214aHD30.29bA248 20131 aAckoff, Russell Lincolneautor10aEl arte de resolver problemasb : Las fabulas de Ackoff aMéxicob : Limusac , 2013 a255 páginasbgráficas, dibujos aIncluye: Bibliografía (249-250) aCreatividad y restricciones Variables controlables Variables incontrolables Una estructura organizativa y multidimensional Cómo mantener resueltos los problemas aEducación Mixta / bPedagogía / cPlaneación Prospectiva (P14-2) / d(17 001661) 1 aPROBLEMAS, SOLUCIÓN DE cLB